00309nam a2200121 a 4500008004100000020001500041050001900056100002200075245003900097260002500136300001700161350000900178120416s0000 ||||||||||||||||| || u a0273014609 aHG 4028.C4 Bro aBromwich, Michael14aThe economics of capital budgeting aLondonbPitmanc1976 a395p. : ill. a0.00